01380naa a22003377a 4500001001000000003000900010005001700019007000300036008003400039040005400073041000900127072002500136090001800161100001900179100001800198100001900216100001800235111009500253245012600348260004200474500012600516650000900642650001600651650002100667650001300688773012300701909003600824942001400860999001900874952014900893BR8700549BR-BrBNA20240918175735.0ta230509b bl.||||| |||| 00| 0 por d aBR-BrBNAbporcBiblioteca Nacional de Agricultura a(Pt) aP33; F62b2120b3840 aP33 BR87005491 aBraganca, J.B.1 aPaulino, A.J.1 aMatiello, J.B.1 aFrabris, E.J.1 a10. Congresso Brasileiro de Pesquisas CafeeirascPocos de Caldas, MG (Brazil)d29 Aug 19831 aEfeito do aluminio trocavel do solo sobre o crescimento inicial do cafeeiro (Coffea arabica)Catimor (Catimor 183)e Catuai3 aRio de Janeiro, RJ (Brasil): c1983.  aAnais do 10. Congresso Brasileiro de Pesquisas Cafeeiras Rio de Janeiro, RJ (Brasil): 1983. p. 295-297 (BR8700549-AM)P33  aCAFE aCRESCIMENTO aNUTRICAO VEGETAL aALUMINIO0 tAnais do 10. Congresso Brasileiro de Pesquisas CafeeiraswP33 BR8700549gRio de Janeiro, RJ (Brasil), 1983. p. 295-297 a202404bLuciac55dLucia Elande cAM2AGRIS c317991d317991 002AGRIS40708Acervo Gerala41918b41918cAgrobasel0o4500 BR9212514r2024-05-20t01yAM10d2024-04-11ePortaria Interministerial nÂș 164/94